The Present state of the Latin American debt problem

Salvato in:
Dettagli Bibliografici
Autore principale: O'Connell, Arturo
Natura: testo
Pubblicazione: s.l.: s.e.
Tags: Aggiungi Tag
Nessun Tag, puoi essere il primo ad aggiungerne!!

MARC

LEADER 00000 a a2200000 04500
001 24331
003
040
090 |a 172600  
100 |a O'Connell, Arturo  
245 |a The Present state of the Latin American debt problem  
260 |a s.l.:   |b s.e.  
300 |a 18 p.  
999 |c 9230  |d 9230